| 000 | 00668nam a22002297a 4500 | ||
|---|---|---|---|
| 005 | 20170124110122.0 | ||
| 010 | _aA-735281 | ||
| 020 | _c00.00 | ||
| 035 | _aA-735281 | ||
| 037 | _bCen Lib/Ret | ||
| 040 |
_aDPL _bEN |
||
| 082 |
_aN _bMUL |
||
| 100 |
_aMuller, Carl _929475 |
||
| 245 |
_aonce upon a tender time : _cby Carl Muller _bthe concluding part of the Von Bloss family saga / |
||
| 246 | _b | ||
| 260 |
_bPenguin Books _aNew Delhi _c1995 |
||
| 270 |
_bNew Delhi _a210, Chiranjiv Tower, Nehru Place _e110019 |
||
| 300 |
_axiv,235p. _c18cm(Hb) |
||
| 650 |
_aSri Lanka -- Fiction _930906 |
||
| 650 |
_aEnglish fiction _930907 |
||
| 942 |
_2ddc _cEN _hN _mMUL |
||
| 999 |
_c131120 _d131120 |
||